| 000 | 00700 a2200169 4500 | ||
|---|---|---|---|
| 020 | _a0968840019 (paperback) | ||
| 020 | _a9780968840016 (paperback) | ||
| 082 | 0 | 4 | _a380 |
| 090 |
_c4914 _d4914 |
||
| 100 | 1 | _aAvrich, Barry. | |
| 245 | 1 | 0 |
_aSelling the sizzle : _bthe magic and logic of entertainment marketing / _cBarry Avrich. |
| 260 |
_a[S.l.] : _bMaxworks Publishing Group, _c2002. |
||
| 300 |
_a178 p. ; _c24 cm. |
||
| 520 | _aSensational marketing book for all entertainment, event and sponsorship projects supported by some of the top professionals in the industry. | ||
| 856 | 4 | 0 |
_3Amazon.com _uhttp://www.amazon.com/exec/obidos/ASIN/0968840019/chopaconline-20 |
| 942 |
_aNBS _cBK _k791.0688 AVR |
||
| 999 |
_c347344 _d347344 |
||